[Event "Fagernes op-B"]
[Site "Fagernes"]
[Date "2023.04.03"]
[Round "2"]
[White "Shehzad, Alina"]
[Black "Rehman, Rafe"]
[Result "0-1"]
[WhiteElo "1251"]
[BlackElo "1749"]
[PlyCount "168"]
[EventDate "2023.04.02"]
[EventType "swiss"]
[EventRounds "9"]
[EventCountry "NOR"]
[SourceTitle "CBM 213 Extra"]
[Source "ChessBase"]
[SourceDate "2023.05.31"]
[SourceVersion "1"]
[SourceVersionDate "2023.05.31"]
[SourceQuality "1"]

1. e4 c5 2. Nf3 g6 3. d4 cxd4 4. Nxd4 Bg7 5. Be3 Nc6 6. c4 Nf6 7. Nc3 0-0 8. Be2 Nxd4 9. Bxd4 d6 10. 0-0 Bd7 11. Qd2 Bc6 12. f3 a5 13. b3 Nd7 14. Bxg7 Kxg7 15. Qb2 Kg8 16. a3 b6 17. Rfd1 Nc5 18. b4 Ne6 19. Nd5 Rb8 20. Qc3 f6 21. Rd2 Kg7 22. h4 Rb7 23. Rdd1 Re8 24. Rd2 Qd7 25. Rb2 a4 26. Rc1 Rc8 27. Qd2 h5 28. Rbc2 Qe8 29. Rc3 Qd7 30. R3c2 Re8 31. Rc3 Kh7 32. Ne3 Qd8 33. Nd5 Rg8 34. f4 Qe8 35. Qe3 Qb8 36. Kf1 Rg7 37. g3 Rf7 38. Kg1 Be8 39. Kh2 Ng7 40. Qd4 Ne6 41. Qe3 Nf8 42. Qd4 Nd7 43. Bf3 Qd8 44. Rd1 Rb8 45. Rcd3 Nf8 46. Nc3 Ne6 47. Qe3 Qc8 48. Nd5 Qd8 49. Kg2 Rg7 50. Kh2 Qc8 51. Nxb6 Qc7 52. Nd5 Qxc4 53. Rc3 Qa6 54. Rdc1 g5 55. Be2 Qa8 56. f5 Nf8 57. Rc7 Nd7 58. Ra7 gxh4 59. gxh4 Ne5 60. Rxa8 Rxa8 61. Rg1 Rxg1 62. Kxg1 Bf7 63. Nxe7 Re8 64. Nd5 Rg8+ 65. Kf1 Kg7 66. b5 Rc8 67. Qg3+ Kf8 68. Nxf6 Rc1+ 69. Kf2 Rc2 70. Kf1 Rc1+ 71. Kf2 Rc2 72. b6 Bc4 73. Kg1 Rc1+ 74. Kf2 Rc2 75. b7 Rxe2+ 76. Kg1 Rb2 77. Qc3 Rxb7 78. Qc2 Rb3 79. Qc1 Kf7 80. Nxh5 Rd3 81. Nf4 Rg3+ 82. Kh2 Rg4 83. Ng6 Nf3+ 84. Kh3 Rxe4 0-1

[Event "Fagernes op"]
[Site "Fagernes"]
[Date "2020.10.11"]
[Round "9"]
[White "Lotz, Corinna"]
[Black "Shehzad, Alina"]
[Result "1-0"]
[WhiteElo "1375"]
[BlackElo "1156"]
[PlyCount "79"]
[EventDate "2020.10.04"]
[EventType "swiss"]
[EventRounds "9"]
[EventCountry "NOR"]
[SourceTitle "EXT 2024"]
[Source "ChessBase"]
[SourceDate "2023.10.10"]
[SourceVersion "1"]
[SourceVersionDate "2023.10.10"]
[SourceQuality "1"]

1. e4 c5 2. c3 Nc6 3. d4 cxd4 4. cxd4 g6 5. Nf3 Bg7 6. Nc3 d6 7. Be2 Nf6 8. 0-0 0-0 9. Be3 Ng4 10. h3 Nxe3 11. fxe3 Bh6 12. Qd2 Qb6 13. Nd5 Qd8 14. Bc4 Be6 15. Qe2 Bxd5 16. exd5 Nb4 17. a3 Na6 18. g4 f6 19. Kg2 Rc8 20. Rac1 Qb6 21. Rc3 Qa5 22. Rfc1 Rcd8 23. Ne1 f5 24. Nd3 fxg4 25. Qxg4 Rf5 26. Qe2 Rdf8 27. Nf4 Nc7 28. Bd3 Nxd5 29. Bxf5 Nxc3 30. Be6+ Kg7 31. Rxc3 Qg5+ 32. Qg4 Qb5 33. Bb3 Rf5 34. Ne6+ Kf6 35. Qh4+ Bg5 36. Qe1 Bh6 37. e4 Rh5 38. Qf2+ Rf5 39. exf5 g5 40. d5 1-0